| 000 | 00550nam a22001817a 4500 | ||
|---|---|---|---|
| 003 | OSt | ||
| 005 | 20260402093133.0 | ||
| 008 | 260402b |||||||| |||| 00| 0 eng d | ||
| 020 | _a9789364527705 | ||
| 040 | _cIIMV Library | ||
| 050 | _a343.54 PRA | ||
| 082 | _a343.54 PRA | ||
| 100 |
_aShakti Prakash _dHimanshu Gautam _935091 |
||
| 245 | _aLaw Relating to Central Armed Police Forces & AR (including leading case laws) | ||
| 260 |
_aLondon _bBluerose Publishers _c9 October 2024 |
||
| 300 |
_a 403 pages _c15.24 x 2.79 x 22.86 cm |
||
| 942 |
_2ddc _cBK |
||
| 999 |
_c7849 _d7849 |
||